Labor: readings on major issues

Salvato in:
Dettagli Bibliografici
Autore principale: Lester, Richard A (Autore)
Natura: Libro
Lingua:inglese
Pubblicazione: Nueva York Random House 1965
Soggetti:
Tags: Aggiungi Tag
Nessun Tag, puoi essere il primo ad aggiungerne!!

MARC

LEADER 00000nam a2200000 a 4500
001 UCR9408
003 CL-VaPUC
008 980613e19650000US |||||||||||||||||eng|d
082 0 4 |a 331.0973  |b LES  |2 21 
100 |a Lester, Richard A  |e author  |9 411920 
245 1 0 |a Labor: readings on major issues 
300 |a 626 p 
942 |c BK 
945 |d 19980613 00:00:00  |a crobeson 
260 |a Nueva York  |b Random House  |c 1965 
650 0 |a Trabajo  |9 313876 
650 7 |a ECONOMIA DEL TRABAJO  |2 CL-VaPUC  |9 320317 
650 7 |a MOVIMIENTOS LABORALES  |2 CL-VaPUC  |9 411921 
650 7 |a SINDICALISMO  |2 CL-VaPUC  |9 411922 
650 0 |a Relaciones laborales   |9 335971 
650 7 |a POLITICAS LABORALES  |2 CL-VaPUC  |9 411923 
650 7 |a FUERZA DE TRABAJO  |2 CL-VaPUC  |9 358015 
651 0 |a Estados Unidos  |9 255178 
583 |a last modification  |c 19980613 00:00:00  |k Rodrigo Vera 
999 |c 270606  |d 270604